000 00583nam a2200229 a 4500
999 _c1929
_d1929
001 1929
003 BD-JhCC
005 20200403134008.0
008 871118s1996 ii 000 1 eng d
020 _a9780007270439
035 _a(BD-JhCC)1929
040 _aBD-JhCC
_dBD-JhCC
041 _aeng
082 _a813/.54
_219
_bASI 1996
100 1 _aAsimov, Isaac,
_d1920-1992.
245 1 0 _aFoundation and earth /
_cIsaac Asimov
260 _aIndia :
_bThomson Press,
_c1986.
300 _a510 p. ;
_c18 cm.
651 _aSeldom
_xPsychology
942 _2ddc
_cBK
_02